| 000 | 00831nam a22002291a 4500 | ||
|---|---|---|---|
| 001 | 7058 | ||
| 003 | BD-RjUL | ||
| 005 | 20211208234347.0 | ||
| 008 | 14 s1963 cs a b 100 0 eng d | ||
| 035 | _a(BD-RjUL) | ||
| 035 | _a(BD-RjUL) | ||
| 040 |
_aCStRLIN _beng _dANL _dBD-RjUL _cBD-RjUL |
||
| 041 | _aeng | ||
| 082 | 0 | 4 |
_216 _a517.38 _bDIF 1963 |
| 245 | 1 | 0 |
_aDifferential equations and their applications : _bproceedings of a conference held in Prague, September, (1962) / |
| 260 | 0 |
_aPrague : _bPublishing House of the Czechoslovak Academy of Sciences, _c1963. |
|
| 300 |
_a247 p. : _bill. ; _c24 cm. |
||
| 650 | 1 |
_aEcuaciones Diferenciales -- Congresos. _922110 |
|
| 700 | 1 |
_aBabuska, Ivo. _922136 |
|
| 711 | 2 | 0 |
_aCzechoslovak Conference on Differential Equations and Their Applications, _cPrague, _d1962. _922133 |
| 942 |
_2ddc _cBK |
||
| 999 |
_c7058 _d7058 |
||